[Event "Hannover-chB"]
[Site "Lehrte"]
[Date "2016.10.04"]
[Round "7"]
[White "Frese, Immo"]
[Black "Ziaja, Wolfgang"]
[Result "1-0"]
[WhiteElo "1801"]
[BlackElo "1714"]
[PlyCount "63"]
[EventDate "2016.10.01"]
[EventType "swiss"]
[EventRounds "7"]
[EventCountry "GER"]
[SourceTitle "EXT 2020"]
[Source "ChessBase"]
[SourceDate "2019.10.17"]
[SourceVersion "1"]
[SourceVersionDate "2019.10.17"]
[SourceQuality "1"]

1. d4 d5 2. c4 e6 3. Nc3 Nf6 4. Bg5 Nbd7 5. Nf3 c6 6. e3 Qa5 7. Bxf6 Nxf6 8. Nd2 Bb4 9. Qc2 0-0 10. Bd3 Bxc3 11. bxc3 Re8 12. 0-0 e5 13. cxd5 cxd5 14. dxe5 Rxe5 15. c4 Qc7 16. Nf3 Re8 17. Rac1 Be6 18. cxd5 Qxc2 19. Rxc2 Nxd5 20. Rb2 b6 21. Ng5 Rad8 22. Bxh7+ Kf8 23. Nxe6+ Rxe6 24. Bc2 Nc3 25. Bb3 Red6 26. g3 Rd2 27. Rxd2 Rxd2 28. Kg2 Nxa2 29. Ra1 Nc3 30. Rxa7 Nd5 31. Kf3 f6 32. Rd7 1-0

[Event "Hannover-chB"]
[Site "Lehrte"]
[Date "2016.10.03"]
[Round "5"]
[White "Bartel, Reinhard"]
[Black "Ziaja, Wolfgang"]
[Result "0-1"]
[WhiteElo "1678"]
[BlackElo "1714"]
[PlyCount "90"]
[EventDate "2016.10.01"]
[EventType "swiss"]
[EventRounds "7"]
[EventCountry "GER"]
[SourceTitle "EXT 2020"]
[Source "ChessBase"]
[SourceDate "2019.10.17"]
[SourceVersion "1"]
[SourceVersionDate "2019.10.17"]
[SourceQuality "1"]

1. e4 e6 2. d4 d5 3. Nc3 Bd7 4. a3 dxe4 5. Nxe4 Bc6 6. Ng3 Nf6 7. Nf3 Nbd7 8. Bg5 Bd6 9. c4 h6 10. Be3 Bxf3 11. Qxf3 c6 12. c5 Bc7 13. Bc4 Nf8 14. Ne4 Nxe4 15. Qxe4 Ng6 16. 0-0 Qh4 17. Qxh4 Nxh4 18. f4 Nf5 19. Rae1 Rd8 20. d5 exd5 21. Bd2+ Ne7 22. Bd3 f6 23. Re6 Kf7 24. Rfe1 Rde8 25. f5 Nc8 26. Bc2 Rxe6 27. fxe6+ Ke7 28. Bg6 a5 29. b4 axb4 30. Bxb4 Na7 31. a4 Ra8 32. Bf5 Nc8 33. a5 Na7 34. Bd3 Be5 35. a6 bxa6 36. Bxa6 Rb8 37. Ba3 Nb5 38. Bc1 Nc7 39. Bd3 Nxe6 40. Be3 d4 41. Bf2 Kd7 42. Bf5 Rb4 43. Ra1 Rb7 44. Ra4 Ke7 45. Bxe6 Rb1+ 0-1